000 00755nam a2200229 i 4500
001 134445
003 ES-MaACL
005 20230906194656.0
007 t|
008 070910s1956 sp ||||1| spa d
100 1 _aQuentin, Patrick.
_994521
245 1 0 _aEnigma para fantoches /
_cPatrick Quentin [seud. col. de Richar W. Webb y Hugh C. Wheeler] ; traducción de M. D. A. de Derisbourg.
260 _aBarcelona :
_bE.D.H.A.S.A.,
_c[1956]
300 _a253 p. ;
_c18 cm.
490 1 _aEl séptimo círculo
700 1 _aWebb, Richard Wilson.
_9116242
700 1 _aWheeler, Hugh.
_9116618
700 1 _aDerisbourg, M. D. A. de.
_943772
830 0 _aEl séptimo círculo
_9181830
852 _aES-MaACL
_jC-11064
_bR.39123
999 _c134445
_d134445